| 000 | 00881nam a2200205Ia 4500 | ||
|---|---|---|---|
| 003 | GCL | ||
| 008 | 140319s9999 xx 000 0 ara d | ||
| 040 |
_aGCL / _cGCL |
||
| 082 | 0 | 4 |
_a346.02 _bم م |
| 100 | 1 | _aممدوح محمد على مبروك | |
| 245 | 1 | 0 |
_aمدى حجية التوقيع الالكترونى فى الاثبات : _bدراسة مقارنة بالفقه الاسلامى / _cممدوح محمد على مبروك |
| 260 |
_aالقاهرة : _bدار النهضة العربية |
||
| 300 |
_a223 ص ؛ _c24 سم |
||
| 650 | 0 | 4 | _aالتوقيع الالكترونى |
| 650 | 0 | 4 | _aجرائم الانترنت |
| 650 | 0 | 4 | _aالعقود الالكترونية - بطلان |
| 650 | 0 | 4 | _aالتوقيع الالكترونى - قوانين وتشريعات |
| 650 | 0 | 4 | _aالتوقيع الالكترونى ( الفقه الاسلامى ) |
| 942 |
_2ddc _cBK |
||
| 999 |
_c8616 _d8616 |
||